FUT: año comercial 2015 y 2016
Gorde:
| Egile nagusia: | |
|---|---|
| Formatua: | Liburua |
| Hizkuntza: | gaztelania |
| Argitaratua: |
Santiago
Edig Ltda.
2015
|
| Edizioa: | 2a. ed |
| Gaiak: | |
| Etiketak: |
Etiketa erantsi
Etiketarik gabe, Izan zaitez lehena erregistro honi etiketa jartzen!
|
MARC
| LEADER | 00000cam a2200000 a 4500 | ||
|---|---|---|---|
| 001 | UCD0396 | ||
| 003 | CL-VaPUC | ||
| 008 | 151127e20150000cl |||||||||||||||||spa|d | ||
| 020 | |a 9789569355233 | ||
| 082 | 0 | 4 | |a 336.2 |b SAL |2 21 |
| 100 | 0 | |a Salort Salort, Vicente E |e author |9 583379 | |
| 245 | 1 | 0 | |a FUT: año comercial 2015 y 2016 |
| 250 | |a 2a. ed | ||
| 300 | |a 251 p | ||
| 942 | |c BK | ||
| 945 | |d 20151127 13:45:00 |a dcastane | ||
| 260 | |a Santiago |b Edig Ltda. |c 2015 | ||
| 650 | 0 | |a Impuesto a la renta |9 258171 | |
| 650 | 0 | |a Tributación |9 258429 | |
| 650 | 7 | |a SOCIEDAD ANONIMA |2 CL-VaPUC |9 430900 | |
| 650 | 0 | |a Derecho tributario |9 258895 | |
| 583 | |a last modification |c 20151127 13:45:00 |k Rodrigo Vera | ||
| 999 | |c 361949 |d 361947 | ||
| 952 | |0 0 |1 0 |3 erb |4 0 |6 336_200000000000000_SAL_2015 |7 0 |8 R |9 472707 |a BIBGIM |b BIBGIM |i 5253616 |o 336.2 SAL 2015 |p 5253616 |r 2025-01-15 |w 2019-11-24 |y BK_R |z Catalogado en:20151127 |k COM | ||
| 952 | |0 0 |1 0 |3 erb |4 0 |6 336_200000000000000_SAL_2015 |7 0 |8 R |9 472708 |a BIBGIM |b BIBGIM |i 5253624 |o 336.2 SAL 2015 |p 5253624 |r 2025-01-15 |w 2019-11-24 |y BK_R |z Catalogado en:20151127 |k COM | ||